000 00874nam a22002537a 4500
005 20100727120948.0
010 _aENG-96946
020 _a8183161588
_c600.00
020 _a9788183161589
_c600.00
035 _aEN-80479
037 _bDBAD/PUB
082 _a150.724
100 _aParameswaran, E. G.
_93224
245 _aExperimental Psychology /
_cE. G. Parameswaran (and) K. Ravichandra
260 _aNew Delhi
_bNeelkamal Publications
_c2007
270 _aBG5/9B, Paschim Vihar,
_bNew Delhi
_e110063
300 _avii, 336 p.
_c24cm (Hb)
500 _aIncludes bibliographical references and index
700 _aRavichandra, K
_91706
700 _91707
700 _91708
942 _2ddc
_cEN
_h150.724
_mPAR
999 _c37927
_d37927